Arizona Counties - Statistics

General Stats
  • This quiz has been taken 242 times
  • The average score is 11 of 15
Answer Stats
Hint Answer % Correct
Named for Yuman Indian tribe Maricopa
91%
Named for southern AZ Indian tribe Pima
87%
Named for Indian tribe now known as Quechan Yuma
83%
Named for well-known Indian nation Navajo
79%
Named for White Mountain Indian tribe Apache
77%
Named for mountains with "stands of pines" Pinal
77%
Named for central AZ Indian tribe Yavapai
70%
Name derived from Havasupai tribe Coconino
69%
Named for 19th century Indian Chief Cochise
68%
Named for river in southern part of county Gila
67%
Named for another Yuman tribe Mohave
66%
Named for highest mountain in area Graham
59%
Named for early "peaceful" settlement La Paz
59%
Named for southern AZ river Santa Cruz
58%
Named for early settler of Clifton Greenlee
56%
No matching quizzes found
Score Distribution
Percent of People with Each Score
Percentile by Number Answered
Your Score History
You have not taken this quiz